| 000 | 00426nam a2200181Ia 4500 | ||
|---|---|---|---|
| 003 | GCL | ||
| 008 | 140319s9999 xx 000 0 eng d | ||
| 040 |
_aGCL / _cGCL |
||
| 082 | 0 | 4 |
_a771.5324 _bA T |
| 100 | 1 | _aALLEN, WOODY | |
| 245 | 1 | 0 |
_aTHREE FILMS OF WOODY ALLEN / _cALLEN, WOODY |
| 260 |
_a[S.N] : _bFABER ، _c1987 |
||
| 300 | _a473 P | ||
| 650 | 0 | 4 | _aARTS |
| 650 | 0 | 4 | _aFICTION |
| 650 | 0 | 4 | _aFILMS |
| 942 |
_2ddc _cBK |
||
| 999 |
_c17254 _d17254 |
||